UM Logo

Organic semiconductors for optoelectronics / (Record no. 18774)

MARC details
000 -LEADER
fixed length control field 00561nam a22001697a 4500
008 - FIXED-LENGTH DATA ELEMENTS--GENERAL INFORMATION
fixed length control field 240126b ||||| |||| 00| 0 eng d
020 ## - INTERNATIONAL STANDARD BOOK NUMBER
International Standard Book Number 9781774695302
082 ## - DEWEY DECIMAL CLASSIFICATION NUMBER
Edition number 2023
Classification number DC 537.6223
Item number Sh922
100 ## - MAIN ENTRY--PERSONAL NAME
Personal name Shukla, S.N.
9 (RLIN) 50835
245 ## - TITLE STATEMENT
Title Organic semiconductors for optoelectronics /
Statement of responsibility, etc. S.N Shukla.
260 ## - PUBLICATION, DISTRIBUTION, ETC. (IMPRINT)
Place of publication, distribution, etc. Canada :
Name of publisher, distributor, etc. Arcler Press,
Date of publication, distribution, etc. ©2023.
300 ## - PHYSICAL DESCRIPTION
Extent xxvi, 240 pages :
Other physical details color illustrations ;
Dimensions 24 cm.
500 ## - GENERAL NOTE
General note Includes references and index.
650 ## - SUBJECT ADDED ENTRY--TOPICAL TERM
Topical term or geographic name as entry element Organic semiconductors.
9 (RLIN) 51643
650 ## - SUBJECT ADDED ENTRY--TOPICAL TERM
Topical term or geographic name as entry element Optoelectronics.
9 (RLIN) 51644
942 ## - ADDED ENTRY ELEMENTS (KOHA)
Source of classification or shelving scheme Dewey Decimal Classification
Koha item type Circulation
Holdings
Withdrawn status Lost status Source of classification or shelving scheme Damaged status Not for loan Collection code Home library Current library Date acquired Source of acquisition Cost, normal purchase price Total Checkouts Full call number Barcode Date last seen Price effective from Koha item type
    Dewey Decimal Classification     Circulation UM Digos College - LIC UM Digos College - LIC 08/08/2023 Purchased 6995.00   DC 537.6223 Sh922 2023 27619 05/15/2025 01/26/2024 Circulation